|
|
|
|
| LEADER |
01006nab a2200229 i 4500 |
| 001 |
misc64792 |
| 005 |
20230517132437.0 |
| 008 |
230504s1965 hu o 0|| eng d |
| 040 |
|
|
|a SZTE Miscellanea Repozitórium
|b hun
|
| 041 |
|
|
|a eng
|
| 100 |
1 |
|
|a Sinor Dénes
|
| 245 |
1 |
0 |
|a Notes on the equine terminology of the Altaic peoples
|h [elektronikus dokumentum] /
|c Sinor Dénes
|
| 260 |
|
|
|a Mouton ; Harrassowitz
|b The Hague ; Wiesbaden
|c 1965
|
| 300 |
|
|
|a 307-315
|c 25 cm
|
| 300 |
|
|
|a [9] p.
|c 25 cm
|
| 490 |
0 |
|
|a Central Asiatic journal : international periodical for the languages, literature, history and archaeology of Central Asia;Central Asiatic journal : international periodical for the languages, literature, history and archaeology of Central Asia
|
| 561 |
|
|
|a Németh Gyula hagyaték
|
| 591 |
|
|
|a NOA 5614; LOA 3603
|
| 650 |
|
4 |
|a Bölcsészettudományok
|
| 650 |
|
4 |
|a Nyelvek és irodalom
|
| 695 |
|
|
|a Altaji nyelvek
|
| 856 |
4 |
0 |
|u http://misc.bibl.u-szeged.hu/64792/1/5614_noa.pdf
|z Dokumentum-elérés
|